Normal view
MARC view
- E-COMMERCE ON CD-ROM
Entry Topical Term
001 - CONTROL NUMBER
- control field: 80259
003 - CONTROL NUMBER IDENTIFIER
- control field: NUST
005 - DATE AND TIME OF LATEST TRANSACTION
- control field: 20210628210628.0
008 - FIXED-LENGTH DATA ELEMENTS
- fixed length control field: 210628|| aca||aabn | a|a d
040 ## - CATALOGING SOURCE
- Original cataloging agency: NUST
- Transcribing agency: NUST
150 ## - HEADING--TOPICAL TERM
- Topical term or geographic name entry element: E-COMMERCE ON CD-ROM
670 ## - SOURCE DATA FOUND
- Source citation: Work cat.: (NUST): Cd-Rom 80258, It encyclopaedia.com e-commerce the edi way.on cd rom, 2001
